| 000 | 00834nam a2200253Ia 4500 | ||
|---|---|---|---|
| 003 | OSt | ||
| 005 | 20221005103507.0 | ||
| 006 | a|||||r|||| 00| 0 | ||
| 007 | ta | ||
| 008 | 221004b |||||||| |||| 00| 0 hin d | ||
| 024 | _a27019 | ||
| 037 |
_bGift, 17/05/2016, _cTextual |
||
| 040 |
_aCRL _cCRL _bhin |
||
| 041 |
_2hin _ahin |
||
| 082 | _aO152,1N11:g, N2 | ||
| 100 | _aदलाल, रामफल | ||
| 245 | 0 | _aशोध प्रबन्ध | |
| 246 | _aShodh prabandha | ||
| 260 |
_aजयपुर _bराजस्थान विश्वविद्यालय भारत _c1992 |
||
| 300 |
_a384पृ0 _ccm. |
||
| 650 | _aहिन्दी साहित्य | ||
| 942 |
_hO152,1N11:g, N2 _cTEXL _2cc |
||
| 999 |
_c1010192 _d1010192 |
||